[Event "FRA-ch U18/14 Online"]
[Site "Europe Echecs INT"]
[Date "2020.07.11"]
[Round "9"]
[White "Tomasi, Elise"]
[Black "Dincov, Matei"]
[Result "0-1"]
[WhiteElo "2030"]
[BlackElo "1714"]
[PlyCount "80"]
[EventDate "2020.07.11"]
[EventType "swiss (blitz)"]
[EventRounds "9"]
[EventCountry "FRA"]
[SourceTitle "EXT 2021"]
[Source "ChessBase"]
[SourceDate "2020.10.23"]
[SourceVersion "1"]
[SourceVersionDate "2020.10.23"]
[SourceQuality "1"]

1. d4 Nf6 2. Nf3 d5 3. g3 e6 4. Bg2 Be7 5. 0-0 0-0 6. c4 dxc4 7. Qc2 a6 8. Qxc4 b5 9. Qc2 Bb7 10. Bd2 Nbd7 11. Ba5 Rc8 12. Nbd2 Qe8 13. b4 Nd5 14. a3 N7f6 15. Ne5 Bd6 16. Nd3 e5 17. e4 Nb6 18. d5 Nbd7 19. Nc5 Ba8 20. Rac1 c6 21. Nxa6 cxd5 22. Qxc8 Qxc8 23. Rxc8 Rxc8 24. exd5 Bb7 25. Nc5 Nxc5 26. bxc5 Bxc5 27. Rb1 Bxa3 28. Rxb5 Ba8 29. Bf3 h6 30. Kg2 Bc1 31. Ne4 Nxd5 32. Nd6 Ne3+ 33. fxe3 Rc2+ 34. Kh3 Bxf3 35. Rb8+ Kh7 36. Nxf7 e4 37. Rh8+ Kg6 38. Ne5+ Kg5 39. Nf7+ Kh5 40. Bd8 Bg4# 0-1

[Event "FRA-ch U18/14 Online"]
[Site "Europe Echecs INT"]
[Date "2020.07.11"]
[Round "1"]
[White "Travadon, Loic"]
[Black "Dincov, Matei"]
[Result "1-0"]
[WhiteElo "2431"]
[BlackElo "1714"]
[PlyCount "53"]
[EventDate "2020.07.11"]
[EventType "swiss (blitz)"]
[EventRounds "9"]
[EventCountry "FRA"]
[SourceTitle "EXT 2021"]
[Source "ChessBase"]
[SourceDate "2020.10.23"]
[SourceVersion "1"]
[SourceVersionDate "2020.10.23"]
[SourceQuality "1"]

1. c4 e5 2. Nc3 Nf6 3. Nf3 Nc6 4. a3 a5 5. e3 d5 6. cxd5 Nxd5 7. Bb5 Nxc3 8. bxc3 Bd7 9. e4 Bd6 10. 0-0 0-0 11. Rb1 Qe7 12. a4 Bg4 13. h3 Bh5 14. g4 Bg6 15. Bxc6 bxc6 16. d3 Rfd8 17. Qc2 Bc5 18. Kg2 Rd7 19. Be3 Rad8 20. Rfd1 h5 21. Bxc5 Qxc5 22. Ne1 hxg4 23. hxg4 f6 24. Kg3 Bf7 25. Ng2 Be6 26. Ne3 Rd6 27. Rd2 1-0

[Event "FRA-ch Blitz Online Qual"]
[Site "Europe Echecs INT"]
[Date "2020.05.16"]
[Round "6"]
[White "Dincov, Matei"]
[Black "Fernandez, Maylis"]
[Result "1/2-1/2"]
[WhiteElo "1714"]
[BlackElo "1165"]
[PlyCount "79"]
[EventDate "2020.05.16"]
[EventType "swiss (blitz)"]
[EventRounds "15"]
[EventCountry "FRA"]
[SourceTitle "CBM 196 Extra"]
[Source "ChessBase"]
[SourceDate "2020.07.31"]
[SourceVersion "1"]
[SourceVersionDate "2020.07.31"]
[SourceQuality "1"]

1. d4 Nf6 2. c4 g6 3. Nc3 Bg7 4. e4 0-0 5. Nf3 d6 6. Be2 Re8 7. 0-0 e5 8. Be3 exd4 9. Bxd4 Nxe4 10. Bxg7 Kxg7 11. Qd4+ Nf6 12. Rfe1 Nc6 13. Qd2 Bg4 14. Nd5 Bxf3 15. Bxf3 Rxe1+ 16. Rxe1 Nxd5 17. cxd5 Ne5 18. Be2 Qf6 19. f4 Nd7 20. g3 Re8 21. Rc1 Nc5 22. Bf3 c6 23. dxc6 bxc6 24. Bxc6 Rc8 25. Bf3 a6 26. b4 Ne4 27. Bxe4 Rxc1+ 28. Qxc1 Qd4+ 29. Kf1 Qxe4 30. Qc3+ Kg8 31. Kg1 Qb1+ 32. Kg2 Qxa2+ 33. Kh3 Qe6+ 34. Kg2 Qd5+ 35. Kf2 Qh5 36. Kg2 Qe2+ 37. Kh3 Qh5+ 38. Kg2 Qe2+ 39. Kg1 Qd1+ 40. Kg2 1/2-1/2

[Event "FRA-ch Blitz Online Qual"]
[Site "Europe Echecs INT"]
[Date "2020.05.16"]
[Round "10"]
[White "Dincov, Matei"]
[Black "Ogier, Daniil"]
[Result "0-1"]
[WhiteElo "1714"]
[BlackElo "1059"]
[PlyCount "52"]
[EventDate "2020.05.16"]
[EventType "swiss (blitz)"]
[EventRounds "15"]
[EventCountry "FRA"]
[SourceTitle "CBM 196 Extra"]
[Source "ChessBase"]
[SourceDate "2020.07.31"]
[SourceVersion "1"]
[SourceVersionDate "2020.07.31"]
[SourceQuality "1"]

1. d4 Nf6 2. c4 c5 3. d5 b5 4. cxb5 a6 5. bxa6 g6 6. Nc3 Bxa6 7. e4 Bxf1 8. Kxf1 d6 9. g3 Bg7 10. Kg2 0-0 11. Nf3 Nbd7 12. Re1 Qa5 13. a4 Ng4 14. Nb5 Rfb8 15. Ra3 Nb6 16. b3 Bc3 17. Bd2 Bxd2 18. Qxd2 Qxd2 19. Nxd2 Nd7 20. Nc4 Nb6 21. Nxb6 Rxb6 22. f4 Rxb5 23. axb5 Rxa3 24. b6 Rxb3 25. Ra1 Rxb6 26. Ra8+ Kg7 0-1